| 000 | 00435pab a2200157 454500 | ||
|---|---|---|---|
| 008 | 180718b1988 xxu||||| |||| 00| 0 eng d | ||
| 100 | _aSingh, Ratanjeet | ||
| 245 | _aA qualitative assessment of the functioning of a PHC in a tribal setting - a case study | ||
| 260 | _c1988 | ||
| 300 | _a33-41 | ||
| 362 | _aDec. | ||
| 650 | _aHealth Services | ||
| 700 | _aNarendra Kumar | ||
| 773 | _aJournal of Family Welfare | ||
| 909 | _a10081 | ||
| 999 |
_c10081 _d10081 |
||